| 000 | 00704nam a2200193 a 4500 | ||
|---|---|---|---|
| 008 | 120416s1990 ||||||||||||||||| || u | ||
| 020 | _a0538072326 | ||
| 050 | _aHD 62.4 Kef | ||
| 100 | _aKefalas, Asterios G | ||
| 245 | 1 | 0 | _aGlobal business strategy: a systems approach |
| 260 |
_aCincinnati, Ohio: _bSouth-western Pub. Co _c1990. |
||
| 300 | _axi, 546p. : ill | ||
| 350 | _a0.00 | ||
| 500 | _aBibliography. | ||
| 650 | 0 | _aBUSINESS | |
| 650 | _aSYSTEMS ANALYSIS | ||
| 650 | _aINTERNATIONAL BUSINESS ENTERPRISES--MANAGEMENT | ||
| 995 |
_D0.00 _FCBU-MAIN LIBRARY (Kitwe) _H1 _I14.95 _M1 _UAVAILABLE _WJul 6, 2006 _ZMain Library Open Access Collection |
||
| 999 |
_c44616 _d44616 |
||